Najmniejsze państwa Europy według kategorii - Statystyki

Ogólne statystyki
  • Ten quiz został rozwiązany 162 razy
  • Średni wynik to 11 z 27
Statystyki odpowiedzi
najmniejszy kraj w całości europejski tu wpisz co myślisz :) % Poprawnych
w całości wyspiarski Malta
79%
z dostępem do Bałtyku Dania
74%
graniczący z Serbią Kosowo
74%
graniczący z Rosją Estonia
69%
śródlądowy Watykan
66%
z dostępem do morza Monako
64%
prenejski Andora
52%
z drużyną narodową należącą do UEFA San Marino
50%
z dostępem do M. Czarnego Bułgaria
48%
posiadający dokładnie dwóch sąsiadów Liechtenstein
48%
alpejski Monako
42%
posiadający dokładnie trzech sąsiadów Luksemburg
41%
z włoskim jako językiem urzędowym Watykan
40%
z niemieckim jako językiem urzędowym Liechtenstein
38%
z serbskim jako językiem urzędowym Kosowo
34%
z francuskim jako językiem urzędowym Monako
34%
z hiszpańskim jako językiem urzędowym Hiszpania
28%
nalezacy do UE Malta
28%
ktory w przeszlosci posiadal kolonie Belgia
27%
bez koloru białego na fladze Liechtenstein
27%
z rosyjskim jako językiem urzędowym Białoruś
26%
należący do NATO Luksemburg
26%
posiadający dokładnie czterech sąsiadów Kosowo
23%
z roszczeniami terytorialnymi na Antarktydzie Norwegia
19%
z kolorem zielonym na fladze San Marino
18%
psiadający terytorium również poza Europą Holandia
16%
uznający Osetię Południową Rosja
14%
Nie znaleziono quizów pasujących do podanych kryteriów
Rozkład punktacji
Procent ludzi z każdym wynikiem
Percentyl według liczby udzielonych odpowiedzi
Twoja historia wyników
Nie rozwiązałeś tego quizu